00244nam a2200097Ia 4500008004100000100002400041245002300065250001300088260003700101300000800138191201s2016 xx 000 0 und d aKANETKAR, Yashavant 0aLet us C Solutions a14th Rev c2016bBPB PublicationaNEW DELHI a452